Leopoldina e o pinheiro mágico de Natal (Registo nº 4330)

Detalhes MARC
000 -Etiqueta do registo
Cabeçalho 00980nam0a2200253 4500
005 - Identificador da versão
Campo de controlo 20240813122058.0
021 ## - Número do Depósito Legal
Código do país PT
Número 262745/07
100 ## - Dados gerais de processamento
Dados gerais de processamento 20181120d2007 c y0pory5003 ba
102 ## - Pais de publicação ou produção
País de publicação Portugal
101 0# - Língua de publicação
Língua do texto, banda sonora, etc. Português
215 ## - Descrição física 
Indicação específica da natureza do documento e extensão da espécie 24 p.
Outras indicações físicas il. color
Material acompanhante 1 CD audio
200 1# - Titulo e menção de responsabilidade
Título próprio Leopoldina e o pinheiro mágico de Natal
Primeira menção de responsabilidade história [de] Serafim Borges
Outras menções de responsabilidade il. Paulo Goulão
225 1# - Colecção 
Título próprio da colecção Leopoldina
210 ## - Publicação, Distribuição, etc. 
Lugar da edição, distribuição, etc. [Senhora de Hora
Nome do editor, distribuidor, etc. Modelo Continente Hipermercados
Data da publicação, distribuição, etc. D. L. 2007]
327 0# - Nota de conteúdo 
Texto da nota CD: Prólogo; O Natal está a chegar; Está a nevar; Um presente; O Natal do imperador Mao; As toupeiras; A floresta encantada; O pinheiro mágico; L-E-O-P-O-L-D-I-N-A; É Natal; O mundo encantado dos brinquedos
606 ## - Nome comum usado como assunto
Número de registo de entrada de autoridade 0001335
Palavra de ordem Literatura portuguesa
Subdivisão de assunto Conto
Código do sistema CA
675 ## - Classificação Decimal Universal (CDU)
Notação 821.134.3-34
Edição 3ª ed.
Língua da edição por
702 #1 - Nome de autor-pessoa física (responsabilidade secundária)
Número de registo de entrada de autoridade 0002032
Palavra de ordem Goulão
Outra parte do nome não tomada para palavra de ordem Paulo
Código de função Ilustrador / Técnico de desenho computorizado
700 #1 - Nome de autor-pessoa física (responsabilidade principal)
Número de registo de entrada de autoridade 0002031
Palavra de ordem Borges
Outra parte do nome não tomada para palavra de ordem Serafim
966 ## - Identificação da Biblioteca
Sigla EBVEN
942 ## - Elementos de entrada adicionados (Koha)
Tipo de item no Koha Livro
Exemplares
Situação do levantamento Origin of item (home branch) (coded) Biblioteca de empréstimo Código de barras Cota Data de devolução Circulation type (not for loan) Tipo de documento Nota do exemplar Damaged status
  Biblioteca Escolar das Vendas Biblioteca Escolar das Vendas BEV2406 8POR BOR     Livro Sem mensagem